| 000 | 00777nam a2200217Ii 4500 | ||
|---|---|---|---|
| 003 | JO-AjNU | ||
| 008 | 230605s9999||||xx |||||||||||||| ||und|| | ||
| 017 | _a1991/8/366 | ||
| 040 |
_aJO-AjNU _bara _erda _cJO-AjNU |
||
| 041 | _aara | ||
| 050 | 1 | 4 | _aJQ1825.J67.A28.1991 |
| 100 | 3 |
_aتأليف أبو خوصة ، أحمد, _eauthor _936229 |
|
| 245 | 0 | 0 | _aالديمقراطية والأحزاب السياسية الأردنية " تحت التأسيس " |
| 250 | _aط1 | ||
| 264 | 3 | 1 | _aعمان : احمد سلامة ابو خوصة ، 1991 |
| 300 | _a131ص | ||
| 336 |
_atext _btxt _2rdacontent |
||
| 337 |
_aunmediated _bn _2rdamedia |
||
| 338 |
_avolume _bnc _2rdacarrier |
||
| 650 | 4 |
_aالديمقراطية -- الاحزاب السياسية -- الاردن _936230 |
|
| 999 |
_aA15033 _c18601 _d18601 |
||